Heating systems, plant and control / (Record no. 5952)
[ view plain ]
| 000 -LEADER | |
|---|---|
| fixed length control field | 00778nam a22002415a 4500 |
| 005 - DATE AND TIME OF LATEST TRANSACTION | |
| control field | 20190519121049.0 |
| 008 - FIXED-LENGTH DATA ELEMENTS--GENERAL INFORMATION | |
| fixed length control field | 190423s2003 enka frb 001 0 eng d |
| 020 ## - INTERNATIONAL STANDARD BOOK NUMBER | |
| International Standard Book Number | 0632059370 |
| 020 ## - INTERNATIONAL STANDARD BOOK NUMBER | |
| International Standard Book Number | 9780632059379 |
| 040 ## - CATALOGING SOURCE | |
| Original cataloging agency | EG-ScBUE |
| Language of cataloging | eng |
| Transcribing agency | EG-ScBUE |
| Modifying agency | EG-ScBUE |
| 082 04 - DEWEY DECIMAL CLASSIFICATION NUMBER | |
| Classification number | 697 |
| Item number | DAY |
| Edition number | 22 |
| 100 1# - MAIN ENTRY--PERSONAL NAME | |
| Personal name | Day, Anthony R. |
| 245 10 - TITLE STATEMENT | |
| Title | Heating systems, plant and control / |
| Statement of responsibility, etc | A. R. Day, M. S. Ratcliffe, K. J. Shepherd. |
| 260 ## - PUBLICATION, DISTRIBUTION, ETC. (IMPRINT) | |
| Place of publication, distribution, etc | Oxford, UK ; |
| -- | Malden, MA : |
| Name of publisher, distributor, etc | Blackwell Science, |
| Date of publication, distribution, etc | 2003. |
| 300 ## - PHYSICAL DESCRIPTION | |
| Extent | x, 323 p. : |
| Other physical details | ill. ; |
| Dimensions | 26 cm. |
| 504 ## - BIBLIOGRAPHY, ETC. NOTE | |
| Bibliography, etc | Includes bibliographical references and index. |
| 650 #7 - SUBJECT ADDED ENTRY--TOPICAL TERM | |
| Topical term or geographic name as entry element | Heating. |
| Source of heading or term | BUEsh |
| 651 ## - SUBJECT ADDED ENTRY--GEOGRAPHIC NAME | |
| Source of heading or term | BUEsh |
| 653 ## - INDEX TERM--UNCONTROLLED | |
| Resource For college | Engineering, Electrical |
| -- | Engineering, General |
| Arrived date list | April2019 |
| 700 1# - ADDED ENTRY--PERSONAL NAME | |
| Personal name | Ratcliffe, Martin S. |
| 700 1# - ADDED ENTRY--PERSONAL NAME | |
| Personal name | Shepherd, Keith. |
| 942 ## - ADDED ENTRY ELEMENTS (KOHA) | |
| Source of classification or shelving scheme | Dewey Decimal Classification |
| Withdrawn status | Item status | Damaged status | Not for loan | Home library | Current library | Shelving location | Date acquired | Source of acquisition | Total Checkouts | Full call number | Barcode | Date last seen | Koha item type | Source of classification or shelving scheme | Vendor | Cost, normal purchase price | Serial Enumeration / chronology |
|---|---|---|---|---|---|---|---|---|---|---|---|---|---|---|---|---|---|
| Central Library | Central Library | First floor | 08/11/2007 | Purchase | 697DAY | 000006978 | 15/07/2025 | Book - Borrowing | |||||||||
| Central Library | Central Library | First floor | 23/04/2019 | Purchase | 697 DAY | 000043519 | 15/07/2025 | Book - Borrowing | Dewey Decimal Classification | Baccah | 742.50 | 66526 |